Propuesta para el fortalecimiento y la racionaliación de la institucionalidad regional centroamericana
Gardado en:
| Formato: | Texto |
|---|---|
| Materias: | |
| Etiquetas: |
Engadir etiqueta
Sen Etiquetas, Sexa o primeiro en etiquetar este rexistro!
|
MARC
| LEADER | 00000 a a2200000 04500 | ||
|---|---|---|---|
| 001 | 4160 | ||
| 003 | |||
| 040 | |||
| 090 | |a REV0229 (103) 1997 | ||
| 245 | |a Propuesta para el fortalecimiento y la racionaliación de la institucionalidad regional centroamericana | ||
| 650 | |a RELACIONES INTERNACIONALES | ||
| 650 | |a INTEGRACION REGIONAL | ||
| 650 | |a DIPLOMACIA | ||
| 650 | |a ORGANIZACIONES INTERGUBERNAMENTALES | ||
| 650 | |a BID | ||
| 650 | |a SISTEMA DE LAS NACIONES UNIDAS | ||
| 650 | |a CEPAL | ||
| 773 | |g número 103; páginas 55-80 | ||
| 999 | |c 27248 |d 27248 | ||
